Technology Strategy (Record no. 350477)
[ view plain ]
| 000 -LEADER | |
|---|---|
| fixed length control field | 00508nam a22001937a 4500 |
| 003 - CONTROL NUMBER IDENTIFIER | |
| control field | OSt |
| 005 - DATE AND TIME OF LATEST TRANSACTION | |
| control field | 20180116183018.0 |
| 008 - FIXED-LENGTH DATA ELEMENTS--GENERAL INFORMATION | |
| fixed length control field | 151027b xxu||||| |||| 00| 0 eng d |
| 020 ## - INTERNATIONAL STANDARD BOOK NUMBER | |
| International Standard Book Number | 9789332536616 |
| 040 ## - CATALOGING SOURCE | |
| Transcribing agency | 0 |
| 082 ## - DEWEY DECIMAL CLASSIFICATION NUMBER | |
| Classification number | 658.514 SHA 2013 |
| 100 ## - MAIN ENTRY--PERSONAL NAME | |
| Personal name | Scott A, Shane |
| 245 ## - TITLE STATEMENT | |
| Title | Technology Strategy |
| Remainder of title | For Managers and Entrepreneurs |
| Statement of responsibility, etc. | Scott A, Shane |
| 260 ## - PUBLICATION, DISTRIBUTION, ETC. | |
| Place of publication, distribution, etc. | India |
| Name of publisher, distributor, etc. | Pearson |
| Date of publication, distribution, etc. | 2013 |
| 300 ## - PHYSICAL DESCRIPTION | |
| Extent | 382 P. |
| Other physical details | PB |
| 440 ## - SERIES STATEMENT/ADDED ENTRY--TITLE | |
| Title | Technology Strategy |
| 600 ## - SUBJECT ADDED ENTRY--PERSONAL NAME | |
| Personal name | Scott A, Shane |
| 942 ## - ADDED ENTRY ELEMENTS (KOHA) | |
| Source of classification or shelving scheme | |
| Koha item type | Book |
| Withdrawn status | Lost status | Source of classification or shelving scheme | Damaged status | Not for loan | Collection code | Permanent Location | Current Location | Shelving location | Date acquired | Total Checkouts | Full call number | Barcode | Date last seen | Date last checked out | Price effective from | Koha item type | Source of acquisition |
|---|---|---|---|---|---|---|---|---|---|---|---|---|---|---|---|---|---|
| Central Library (CL) | Central Library (CL) | General Stacks | 10/27/2015 | 3 | 658.514 SHA 2013 | NBS9666 | 02/01/2022 | 01/05/2022 | 10/27/2015 | Book | |||||||
| Central Library (CL) | Central Library (CL) | 08/30/2019 | 1 | 658.514 SHA | CL-D-535 | 01/01/2020 | 09/16/2019 | 08/30/2019 | Book | Donation |
